000 00840nam a22003017a 4500
003 CHAP
005 20220329135802.0
008 971013s1983 r 00010 d
010 _a42108
011 _a43080
035 _a47216
040 _cCHAP
082 _a633
_bB65 1983
100 0 0 _aBoatfield, Graham.
_913301
245 _aFarm crops
250 _a2 ed.
260 _aIpswich :
_bFarming Press,
_c1983
300 _a144 p.
490 _aFarming book series
590 _aBATCH-UPD
_b10
_c20130110
_lUCH01
_h0233
590 _aBATCH-UPD
_b10
_c20130110
_lUCH01
_h1815
590 _aCONVERSION
_b10
_c20130109
_lUCH01
_h1323
650 1 4 _aCultivos.
_930221
830 0 _aFarming book series
_939781
901 _aBK
942 _cLIBRO
949 _a633 B65 1983
_bBC
_cLIBRO
_d33724000004024
_eLIBRO
_gI.c/e
_h88895
_i47216
_si
_t10.00
999 _c42108
_d42108